000 00812na a2200241 4500
001 17283
003 MIRAKIL
005 20181213154924.0
008 161023b tu 000 0
020 _a9759697513
040 _aMilas
_btur
_cTR-AnCHP
041 _atur
082 _a624.151
_bK27a 2000
090 _a624.151 K27a 2000
100 _aKasapoğlu, K. Erçin
245 _aAnkara kenti zeminlerinin jeoteknik özellikleri ve depremselliği
_cK. Erçin Kasapoğlu
260 _aAnkara
_bTMMOB Jeoloji Mühendisleri Odası yayınları
_c2000
300 _a180 s.
_bşkl. ; grf. ; hrt. ; tbl.
_c19 sm.
440 _aTMMOB Jeoloji Mühendisleri Odası Yayınları
_v54
650 _aZemin araştırmaları
_xAnalizler
_zAnkara (Türkiye)
650 _aDepremler
_zAnkara (Türkiye)
942 _2ddc
_cBKS
999 _c3220
_d3220